000 00501nam a22001817a 4500
003 LK-CoMWRAF
005 20231109133219.0
008 231109b |||||||| |||| 00| 0 eng d
040 _aLK-CoMWRAF
_dLK-CoMWRAF
_eLK-CoMWRAF
041 _aeng
082 _a297
_bKHA
100 _aKhandalvi, Muhammad Zakariyya
245 _aStories of Sahabah :
_bRevised translation of Urdu book Hikayaat-e-Sahabah
260 _aKarachi :
_bMaktaba-e-Rashidia,
300 _a952p
650 _aIslam
942 _cBK
999 _c4068
_d4068